000 00681nam a2200241Ia 4500
003 OSt
005 20220925201819.0
006 a|||||r|||| 00| 0
007 ta
008 220923b |||||||| |||| 00| 0 eng d
037 _cGeneral Book
040 _aRTL
_cRTL
_beng
041 _2eng
_aeng
082 _aX4.2s, N9/GD
110 _aIndia, Transport Research Wing
245 0 _aHandbook on transport statistics in India
260 _aDelhi
_bMOP India
_c1999
300 _a204p.
_ccm.
650 _aTransport Economics -- India
_9239468
700 _aIndia, Transport Research Wing
942 _hX4.2s, N9/GD
_cGB
_2CC
999 _c541325
_d541325